Let's feed : the Very hungry caterpillar game. (WT. 618.4 g)
Children move colorful, 3D sculpted caterpillars from fruit to fruit, collecting a unique butterfly puzzle piece each time they stop to "eat." The first player to collect all five puzzle pieces and build a beautiful butterfly wins the game! Children practice decision-making by moving any direction on the board. They mix and match beautiful butterfly illustrations to create a different work of art every game. No reading required. --Amazon.com
Record details
- ISBN: 9781575613055
- ISBN: 1575613050
- Physical Description: 1 game (4 caterpillar pieces, 20 puzzle pieces, 58 cards, 1 game board, instructions) : cardboard, plastic, color ; in box 27 x 21 x 6 cm.
- Publisher: San Francisco, CA : University Games Corporation : ©2015.
Content descriptions
| General Note: | Title from container. 2-4 players. WT. 621.2 g |
| Target Audience Note: | For ages 3 and up. |
Search for related items by subject
| Subject: | Carle, Eric. Very hungry caterpillar > Games. Puzzles and games. |
| Genre: | Puzzles and games. |
Available copies
- 1 of 1 copy available at scottsboropl.
Holds
- 0 current holds with 1 total copy.
Show Only Available Copies
| Location | Call Number / Copy Notes | Barcode | Shelving Location | Status | Due Date |
|---|---|---|---|---|---|
| scottsboropl | J REA Ver | 32269001249328 | Juvenile - Games | Available | - |
| LDR | 01714crm a2200313Ki 4500 | ||
|---|---|---|---|
| 001 | 147162 | ||
| 003 | SBPL | ||
| 005 | 20220718190521.0 | ||
| 008 | 140714t20152015caunnn gneng d | ||
| 020 | . | ‡a9781575613055 | |
| 020 | . | ‡a1575613050 | |
| 024 | 1 | . | ‡a794764012538 |
| 035 | . | ‡a(CONS)147162 | |
| 035 | . | ‡a(CPomAG)LMN606245 | |
| 245 | 0 | 0. | ‡aLet's feed : ‡bthe Very hungry caterpillar game. (WT. 618.4 g) |
| 264 | 1. | ‡aSan Francisco, CA : ‡bUniversity Games Corporation : ‡bBriarpatch, ‡c©2015. | |
| 300 | . | ‡a1 game (4 caterpillar pieces, 20 puzzle pieces, 58 cards, 1 game board, instructions) : ‡bcardboard, plastic, color ; ‡cin box 27 x 21 x 6 cm. | |
| 336 | . | ‡athree-dimensional form ‡btdf ‡2rdacontent | |
| 337 | . | ‡aunmediated ‡bn ‡2rdamedia | |
| 338 | . | ‡aobject ‡bnr ‡2rdacarrier | |
| 500 | . | ‡aTitle from container. | |
| 500 | . | ‡a2-4 players. | |
| 500 | 0. | ‡aWT. 621.2 g | |
| 520 | . | ‡aChildren move colorful, 3D sculpted caterpillars from fruit to fruit, collecting a unique butterfly puzzle piece each time they stop to "eat." The first player to collect all five puzzle pieces and build a beautiful butterfly wins the game! Children practice decision-making by moving any direction on the board. They mix and match beautiful butterfly illustrations to create a different work of art every game. No reading required. ‡c--Amazon.com | |
| 521 | . | ‡aFor ages 3 and up. | |
| 600 | 1 | 0. | ‡aCarle, Eric. ‡tVery hungry caterpillar ‡xGames. |
| 650 | 7. | ‡aPuzzles and games. ‡2lcgft | |
| 655 | 7. | ‡aPuzzles and games. ‡2lcgft | |
| 914 | . | ‡aSCP_kt ‡dLMN_cm | |
| 959 | . | ‡i32269001062408 ‡lREA Let ‡aSTEM - Lab ‡tRealia ‡g25.00 ‡cItem must be checked out at the front desk. ‡dVerify gameboard, 20 puzzle pieces, 58 cards, 4 playing pieces, 1 booklet. | |
| 852 | . | ‡p32269001062408 ‡jREA Let ‡gSTEM - Lab ‡cRealia ‡y25.00 ‡bSBPL | |
| 901 | . | ‡a147162 ‡bUnknown ‡c147162 ‡tbiblio | |